000
00257nam a2200109Ia 4500
008
190911s9999||||xx |||||||||||||| ||und||
100
_a
Alan Parkinson
245
0
_a
Managerial Finance
260
_a
New Delhi
_b
Mc Graw Hill
_c
1997
300
_a
276
942
_c
BK
999
_c
6866
_d
6866